000 00382nam a2200145 i 4500
001 bg
100 1 _aWOJNAROWSKI, Józef
245 0 _aMetodyczne ćwiczenia laboratoryjne z mechanicznej teorii maszyn /
_cJózef Wojnarowski.
250 _aWyd.2 popr.
260 _aGliwice,
_c1976.
040 _cBPK
041 _apol
942 _cKS
008 s pl f |000 0 pol
999 _c27613
_d27613
856 _uhttp://koha.tu.koszalin.pl/cgi-bin/koha/opac-detail.pl?biblionumber=27613
_yKatalog online BPK